书目信息 |
| 题名: |
火电厂厂界环保岛技术百问百答系列丛书
|
|
| 作者: | 朱跃 主编 ;华电电力科学研究院公司 编著 | |
| 分册: | 废水综合利用分册 | |
| 出版信息: | 北京 中国电力出版社 2019.11 |
|
| 页数: | 141页 | |
| 开本: | 21cm | |
| 丛书名: | ||
| 单 册: | ||
| 中图分类: | X773 , X703 | |
| 科图分类: | ||
| 主题词: | 火电厂--huo dian chang--污染防治--基本知识 , 火电厂--huo dian chang--废水综合利用--基本知识 | |
| 电子资源: | ||
| ISBN: | 978-7-5198-3976-5 | |
| 000 | 01328nam 2200289 450 | |
| 001 | 202020141051 | |
| 005 | 20200926181358.0 | |
| 010 | @a978-7-5198-3976-5@dCNY30.00 | |
| 100 | @a20200919d2019 em y0chiy50 ea | |
| 101 | 0 | @achi |
| 102 | @aCN@b110000 | |
| 105 | @aak z 000yy | |
| 106 | @ar | |
| 200 | 1 | @a火电厂厂界环保岛技术百问百答系列丛书@Ahuo dian chang chang jie huan bao dao ji shu bai wen bai da xi lie cong shu@i废水综合利用分册@f华电电力科学研究院有限公司编著 |
| 210 | @a北京@c中国电力出版社@d2019.11 | |
| 215 | @a141页@c图@d21cm | |
| 314 | @a书内题: 朱跃主编 | |
| 330 | @a火电厂常用水源主要有地表水、地下水、海水、城市自来水以及再生水 (城市中水) 等。城市自来水有的取自地表水, 经混凝、澄清、过滤、消毒处理后供出, 有的取自地下水 (井水、泉水), 仅经过滤、消毒后供出。混凝澄清是对原水投加混凝剂等化学药剂, 使水中的悬浮物及胶体凝聚形成成大的絮凝体沉淀下来, 以达到去除悬浮物和胶体的目的。 | |
| 517 | 1 | @a废水综合利用分册@Afei shui zong he li yong fen ce |
| 606 | 0 | @a火电厂@Ahuo dian chang@x污染防治@x基本知识 |
| 606 | 0 | @a火电厂@Ahuo dian chang@x废水综合利用@x基本知识 |
| 690 | @aX773@v5 | |
| 690 | @aX703@v5 | |
| 701 | 0 | @a朱跃@Azhu yue@4主编 |
| 712 | 02 | @a华电电力科学研究院公司@Ahua dian dian li ke xue yan jiu yuan gong si@4编著 |
| 801 | 0 | @aCN@c20200304 |
| 905 | @a河南城建学院图书馆@dX773@eZ891 | |
| 火电厂厂界环保岛技术百问百答系列丛书.废水综合利用分册/华电电力科学研究院有限公司编著.-北京:中国电力出版社,2019.11 |
| 141页:图;21cm |
| ISBN 978-7-5198-3976-5:CNY30.00 |
| 火电厂常用水源主要有地表水、地下水、海水、城市自来水以及再生水 (城市中水) 等。城市自来水有的取自地表水, 经混凝、澄清、过滤、消毒处理后供出, 有的取自地下水 (井水、泉水), 仅经过滤、消毒后供出。混凝澄清是对原水投加混凝剂等化学药剂, 使水中的悬浮物及胶体凝聚形成成大的絮凝体沉淀下来, 以达到去除悬浮物和胶体的目的。 |
| ● |
| 相关链接 |
|
|
|
正题名:火电厂厂界环保岛技术百问百答系列丛书
索取号:X773/Z891
 
预约/预借
| 序号 | 登录号 | 条形码 | 馆藏地/架位号 | 状态 | 备注 |
| 1 | 1491188 | 214911880 | 自科库501/501自科库 109排2列6层/ [索取号:X773/Z891] | 在馆 |